[Event "Titled Tuesday intern op 16th Jan Late"]
[Site "Chess.com INT"]
[Date "2024.01.16"]
[Round "8"]
[White "Sukandar, Irine Kharisma"]
[Black "Poddubnyi, Viktor"]
[Result "1-0"]
[WhiteElo "2349"]
[BlackElo "2304"]
[PlyCount "77"]
[EventDate "2024.01.16"]
[EventType "swiss (blitz)"]
[EventRounds "11"]
[EventCountry "USA"]
[SourceTitle "CB04_2024"]
[SourceDate "2023.10.16"]
[SourceVersion "1"]
[SourceVersionDate "2023.10.16"]
[SourceQuality "1"]

1. d4 g6 2. e4 Bg7 3. Nf3 d6 4. Bc4 Nf6 5. Qe2 Nc6 6. h3 0-0 7. e5 dxe5 8. dxe5 Nd7 9. e6 fxe6 10. Bxe6+ Kh8 11. 0-0 Rxf3 12. Qxf3 Nd4 13. Qe3 Nxc2 14. Qd3 Nxa1 15. Nc3 Qe8 16. Qe2 Nb6 17. Bxc8 Rxc8 18. Be3 Nb3 19. axb3 e5 20. Re1 Qe6 21. b4 Qc4 22. Bc5 Qxe2 23. Rxe2 Rd8 24. Nb5 Nd5 25. Nxa7 b6 26. Nc6 Re8 27. Be3 Nxe3 28. Rxe3 Kg8 29. Kf1 Kf7 30. Ke2 Ke6 31. b5 Kd5 32. f4 Re6 33. fxe5 Bxe5 34. Kd3 Bxb2 35. Nb4+ Kd6 36. Rf3 Be5 37. Kc4 h5 38. Nc6 h4 39. Rd3+ 1-0

[Event "Titled Tuesday intern op 24th Oct Late"]
[Site "Chess.com INT"]
[Date "2023.10.24"]
[Round "3"]
[White "Sukandar, Irine Kharisma"]
[Black "Karamsetty, Jeevan"]
[Result "0-1"]
[WhiteElo "2365"]
[BlackElo "2300"]
[PlyCount "76"]
[EventDate "2023.10.24"]
[EventType "swiss (blitz)"]
[EventRounds "11"]
[EventCountry "USA"]
[SourceTitle "Mega2024 Update 01"]
[Source "Chessbase"]
[SourceDate "2023.11.12"]
[SourceVersion "1"]
[SourceVersionDate "2023.11.12"]
[SourceQuality "1"]

1. d4 g6 2. c4 Bg7 3. Nc3 d6 4. e4 e5 5. Be3 exd4 6. Bxd4 Nf6 7. Nf3 0-0 8. Be2 Re8 9. Qc2 Nc6 10. Be3 Qe7 11. Nd2 Ng4 12. Nd5 Qd8 13. Bxg4 Bxg4 14. 0-0 Nd4 15. Bxd4 Bxd4 16. h3 Bd7 17. Nf3 Bg7 18. Rad1 Bc6 19. Rfe1 Qd7 20. c5 Bxd5 21. Rxd5 Qc6 22. Re2 Rad8 23. cxd6 Rxd6 24. Rc5 Qa6 25. Rxc7 Qxa2 26. e5 Rdd8 27. Rxb7 Rc8 28. Rc7 Qa6 29. Re1 Rb8 30. Ng5 Rf8 31. e6 Qa5 32. exf7+ Kh8 33. Nf3 Rxb2 34. Qc6 Rbb8 35. Rce7 Qf5 36. Qc4 Rbc8 37. Qb3 a5 38. Rb7 a4 0-1

[Event "Asian Games tt (Women)"]
[Site "Hangzhou"]
[Date "2023.10.05"]
[Round "7.1"]
[White "Hou, Yifan"]
[Black "Sukandar, Irine Kharisma"]
[Result "1-0"]
[WhiteElo "2628"]
[BlackElo "2371"]
[PlyCount "85"]
[EventDate "2023.09.29"]
[EventType "team-tourn"]
[EventRounds "9"]
[EventCountry "CHN"]
[SourceTitle "EXT 2024"]
[Source "ChessBase"]
[SourceDate "2023.10.10"]
[SourceVersion "1"]
[SourceVersionDate "2023.10.10"]
[SourceQuality "1"]
[WhiteTeam "China (W)"]
[BlackTeam "Indonesia (W)"]
[WhiteTeamCountry "CHN"]
[BlackTeamCountry "INA"]

1. e4 e5 2. Nf3 Nc6 3. Bb5 a6 4. Ba4 Nf6 5. 0-0 Be7 6. d3 b5 7. Bb3 d6 8. a3 0-0 9. Nc3 Bg4 10. Be3 Nd4 11. Bxd4 exd4 12. Nd5 Nd7 13. h3 Bxf3 14. Qxf3 Bg5 15. Qg3 Bh4 16. Qg4 c6 17. Nf4 Kh8 18. a4 b4 19. Ne2 Ne5 20. Qf4 Ng6 21. Qf5 Qb6 22. g3 Bd8 23. h4 Ne7 24. Qh5 Bc7 25. Rae1 Rae8 26. Kg2 d5 27. exd5 Nxd5 28. Ng1 Rd8 29. Nf3 Nf6 30. Qf5 Bd6 31. Re2 c5 32. Rfe1 Qc6 33. Kg1 Qc8 34. Qxc8 Rxc8 35. Ne5 Bxe5 36. Rxe5 Ng4 37. Re7 g6 38. Bxf7 Rc6 39. Be6 Nf6 40. Bc4 Ng4 41. Ra7 h5 42. Ree7 Nf6 43. Bxa6 1-0

[Event "Asian Games (Women)"]
[Site "Hangzhou"]
[Date "2023.09.24"]
[Round "2"]
[White "Omonova, Umida"]
[Black "Sukandar, Irine Kharisma"]
[Result "1-0"]
[WhiteElo "2147"]
[BlackElo "2371"]
[PlyCount "75"]
[EventDate "2023.09.24"]
[EventType "swiss (rapid)"]
[EventRounds "9"]
[EventCountry "CHN"]
[SourceTitle "EXT 2024"]
[Source "ChessBase"]
[SourceDate "2023.10.10"]
[SourceVersion "1"]
[SourceVersionDate "2023.10.10"]
[SourceQuality "1"]

1. e4 e5 2. Nf3 Nc6 3. Bc4 Bc5 4. 0-0 Nf6 5. d3 d6 6. c3 a5 7. Nbd2 Ba7 8. Re1 h6 9. Nf1 0-0 10. h3 Be6 11. Bb5 Ne7 12. Ng3 c6 13. Ba4 Ng6 14. Bc2 Re8 15. d4 Qc7 16. Be3 b5 17. b3 Rad8 18. Qc1 Bc8 19. a4 b4 20. c4 exd4 21. Nxd4 Bc5 22. Qb2 Qb6 23. Rad1 d5 24. exd5 cxd5 25. cxd5 Nxd5 26. Ndf5 Nc3 27. Rxd8 Rxd8 28. Qc1 Bxe3 29. Rxe3 Be6 30. Qe1 Nd5 31. Rf3 Qc5 32. Nxh6+ gxh6 33. Bxg6 Nc3 34. Bc2 Rd4 35. Qe3 Nd5 36. Qe5 Rd2 37. Nh5 Kf8 38. Qxe6 1-0

[Event "Titled Tuesday intern op 04th Jul Early"]
[Site "Chess.com INT"]
[Date "2023.07.04"]
[Round "7"]
[White "Sukandar, Irine Kharisma"]
[Black "Vaglio Mattey, Emanuel"]
[Result "1-0"]
[WhiteElo "2358"]
[BlackElo "2174"]
[PlyCount "129"]
[EventDate "2023.07.04"]
[EventType "swiss (blitz)"]
[EventRounds "11"]
[EventCountry "USA"]
[SourceTitle "EXT 2024"]
[Source "ChessBase"]
[SourceDate "2023.10.10"]
[SourceVersion "1"]
[SourceVersionDate "2023.10.10"]
[SourceQuality "1"]

1. d4 c6 2. c4 b5 3. cxb5 cxb5 4. Nf3 Bb7 5. e3 a6 6. a4 b4 7. b3 e6 8. Be2 Nf6 9. 0-0 Be7 10. Nbd2 0-0 11. Bb2 d6 12. Rc1 Nbd7 13. Re1 h6 14. Bd3 Qa5 15. e4 Rfc8 16. Nc4 Qd8 17. e5 dxe5 18. dxe5 Nd5 19. Bb1 Nf8 20. Qd4 Ng6 21. Rcd1 Bc5 22. Qg4 Nf8 23. Nd6 Rc7 24. Ne4 Kh8 25. Nxc5 Rxc5 26. Qh5 Qc7 27. Ng5 Kg8 28. Ne4 Nf4 29. Qg4 Bxe4 30. Bxe4 Rc8 31. Qxf4 Qe7 32. Bb1 Qg5 33. Qxb4 Ng6 34. Qd2 Qh5 35. Bxg6 Qxg6 36. Qd3 Qh5 37. Qxa6 Rc2 38. Ba3 Qf5 39. Qb6 Kh7 40. a5 Ra2 41. Bb4 Rcc2 42. Rf1 Qxe5 43. a6 Qe2 44. a7 Ra6 45. Qd4 Rca2 46. Bc5 e5 47. Qd3+ Qxd3 48. Rxd3 f5 49. Rd7 e4 50. b4 Kg6 51. b5 R6a5 52. Rb7 Rc2 53. Be3 Rb2 54. b6 Kf6 55. Bd4+ Ke6 56. Bxb2 f4 57. Rb8 Kf5 58. a8Q g5 59. Qxa5+ Kg4 60. h3+ Kh5 61. g4+ Kh4 62. f3 e3 63. Rh8 Kg3 64. Rxh6 e2 65. Qe1# 1-0

[Event "Titled Tuesday intern op 04th Jul Early"]
[Site "Chess.com INT"]
[Date "2023.07.04"]
[Round "4"]
[White "Sukandar, Irine Kharisma"]
[Black "Vila Dupla, Aurelio"]
[Result "1-0"]
[WhiteElo "2358"]
[BlackElo "2030"]
[PlyCount "93"]
[EventDate "2023.07.04"]
[EventType "swiss (blitz)"]
[EventRounds "11"]
[EventCountry "USA"]
[SourceTitle "EXT 2024"]
[Source "ChessBase"]
[SourceDate "2023.10.10"]
[SourceVersion "1"]
[SourceVersionDate "2023.10.10"]
[SourceQuality "1"]

1. d4 Nf6 2. Bf4 g6 3. Nc3 d5 4. e3 Bg7 5. h4 h5 6. Nf3 0-0 7. Ne5 c5 8. Qd2 Nc6 9. 0-0-0 cxd4 10. exd4 Bf5 11. f3 Nb4 12. Nd3 Bxd3 13. Bxd3 Nxd3+ 14. Qxd3 Qd7 15. Be5 Rac8 16. g4 hxg4 17. h5 Rxc3 18. Qxc3 Nxh5 19. fxg4 Qxg4 20. Rdg1 Qf5 21. Bxg7 Kxg7 22. Qe3 Qf4 23. Kd2 Qxe3+ 24. Kxe3 Nf6 25. c3 Ne4 26. Rh2 f5 27. Kf4 Kf6 28. Rh6 Rg8 29. Rh7 g5+ 30. Ke3 f4+ 31. Kf3 Rg7 32. Rgh1 Rxh7 33. Rxh7 Nd2+ 34. Kg4 Ne4 35. Rh8 Nd2 36. Rf8+ Kg7 37. Rb8 Kf6 38. Rxb7 Nc4 39. Rxa7 Ne3+ 40. Kf3 e6 41. Ra8 Nd1 42. Rb8 Ne3 43. a4 Nf5 44. a5 Nh4+ 45. Kg4 f3 46. a6 Ke7 47. Kg3 1-0

[Event "Titled Tuesday intern op 27th Jun Late"]
[Site "Chess.com INT"]
[Date "2023.06.27"]
[Round "10"]
[White "Sukandar, Irine Kharisma"]
[Black "Pinheiro, Iung Alicio"]
[Result "0-1"]
[WhiteElo "2383"]
[BlackElo "2306"]
[PlyCount "114"]
[EventDate "2023.06.27"]
[EventType "swiss (blitz)"]
[EventRounds "11"]
[EventCountry "USA"]
[SourceTitle "EXT 2024"]
[Source "ChessBase"]
[SourceDate "2023.10.10"]
[SourceVersion "1"]
[SourceVersionDate "2023.10.10"]
[SourceQuality "1"]

1. e4 c5 2. Nc3 g6 3. d4 Bg7 4. dxc5 Na6 5. Nf3 Nxc5 6. Be3 b6 7. Bd4 Nf6 8. Bc4 d6 9. e5 dxe5 10. Nxe5 0-0 11. 0-0 Qc7 12. Nd5 Nxd5 13. Bxd5 Bxe5 14. Bxe5 Qxe5 15. Bxa8 Ba6 16. Re1 Qxb2 17. Bf3 Qf6 18. a4 Ne6 19. a5 Rd8 20. Qc1 Bc4 21. axb6 axb6 22. Qe3 Nd4 23. Be4 e5 24. Bd3 Bxd3 25. Qxd3 Rc8 26. c3 Ne6 27. Qe3 Rc5 28. Qh6 Rc8 29. Ra7 Nf4 30. h4 Qc6 31. Qg5 Qxc3 32. Qxe5 Qxe5 33. Rxe5 Rb8 34. Ree7 Rf8 35. Reb7 Nd5 36. Rd7 Nf6 37. Rd6 Ne4 38. Rxb6 Kg7 39. f3 Nf6 40. Kf2 h5 41. Rbb7 Nd5 42. Rd7 Nf4 43. g3 Ne6 44. Re7 Nc5 45. Rac7 Na6 46. Rc6 Nb4 47. Rc5 Nd3+ 48. Ke3 Nxc5 49. g4 Ne6 50. Ke4 Kf6 51. Ra7 hxg4 52. fxg4 Rh8 53. g5+ Kg7 54. Ke5 Rxh4 55. Rd7 Rh5 56. Re7 Rxg5+ 57. Kd6 Rf5 0-1

[Event "Titled Tuesday intern op 27th Jun Late"]
[Site "Chess.com INT"]
[Date "2023.06.27"]
[Round "3"]
[White "Sukandar, Irine Kharisma"]
[Black "Pironti, Francisco Ferrari"]
[Result "1-0"]
[WhiteElo "2383"]
[BlackElo "2010"]
[PlyCount "61"]
[EventDate "2023.06.27"]
[EventType "swiss (blitz)"]
[EventRounds "11"]
[EventCountry "USA"]
[SourceTitle "EXT 2024"]
[Source "ChessBase"]
[SourceDate "2023.10.10"]
[SourceVersion "1"]
[SourceVersionDate "2023.10.10"]
[SourceQuality "1"]

1. e4 c5 2. Nc3 a6 3. g3 b5 4. Bg2 Bb7 5. d3 e6 6. Nh3 d6 7. 0-0 Nd7 8. f4 Ngf6 9. Qe1 Qc7 10. Be3 Be7 11. Ng5 h6 12. Nf3 Ng4 13. Bd2 g5 14. fxg5 hxg5 15. Bxg5 Nxh2 16. Nxh2 Bxg5 17. Ng4 b4 18. Nd1 Ne5 19. Nxe5 dxe5 20. Ne3 0-0-0 21. Nc4 Rh7 22. Qe2 Rdh8 23. a3 Qd8 24. axb4 cxb4 25. Qf2 Rh2 26. Qc5+ Qc7 27. Qxc7+ Kxc7 28. Rxf7+ Kb8 29. Ra4 Ka8 30. Rxb4 R2h7 31. Rbxb7 1-0

[Event "Titled Tuesday intern op 27th Jun Late"]
[Site "Chess.com INT"]
[Date "2023.06.27"]
[Round "11"]
[White "Weishaeutel, Moritz"]
[Black "Sukandar, Irine Kharisma"]
[Result "1-0"]
[WhiteElo "2438"]
[BlackElo "2383"]
[PlyCount "65"]
[EventDate "2023.06.27"]
[EventType "swiss (blitz)"]
[EventRounds "11"]
[EventCountry "USA"]
[SourceTitle "EXT 2024"]
[Source "ChessBase"]
[SourceDate "2023.10.10"]
[SourceVersion "1"]
[SourceVersionDate "2023.10.10"]
[SourceQuality "1"]

1. e4 c5 2. d4 cxd4 3. c3 d3 4. Bxd3 Nc6 5. Nf3 g6 6. c4 Bg7 7. Nc3 Nf6 8. h3 d6 9. 0-0 0-0 10. Be3 h6 11. Qd2 Kh7 12. Rad1 Be6 13. b3 Nd7 14. Nd5 a5 15. Nf4 Nde5 16. Nxe5 Nxe5 17. Nxe6 fxe6 18. Bc2 a4 19. f4 axb3 20. axb3 Nc6 21. e5 dxe5 22. Bxg6+ Kh8 23. Qe2 Nd4 24. Qh5 exf4 25. Rxd4 fxe3 26. Rxd8 Raxd8 27. Re1 Rd2 28. Rxe3 Rff2 29. Rg3 Rfe2 30. Bd3 Re1+ 31. Kh2 Rxd3 32. Rxd3 Be5+ 33. g3 1-0

[Event "Singapore Olympic Esports Gp-B"]
[Site "Singapore"]
[Date "2023.06.23"]
[Round "2.1"]
[White "Amin, Bassem"]
[Black "Sukandar, Irine Kharisma"]
[Result "1-0"]
[WhiteElo "2690"]
[BlackElo "2383"]
[PlyCount "83"]
[EventDate "2023.06.23"]
[EventType "tourn"]
[EventRounds "5"]
[EventCountry "SIN"]
[EventCategory "14"]
[SourceTitle "CBM 214 Extra"]
[Source "ChessBase"]
[SourceDate "2023.07.31"]
[SourceVersion "1"]
[SourceVersionDate "2023.07.31"]
[SourceQuality "1"]

1. Nf3 Nf6 2. g3 d5 3. Bg2 Bf5 4. 0-0 e6 5. c4 c6 6. b3 h6 7. Bb2 Be7 8. d3 0-0 9. Nbd2 Bh7 10. a3 a5 11. Ra2 Na6 12. Ne5 Qc7 13. Qa1 b5 14. cxb5 cxb5 15. Rc1 Qb7 16. Nc6 a4 17. bxa4 bxa4 18. Bd4 Rfc8 19. Rac2 Bf8 20. Nf3 Nd7 21. Rb1 Qxc6 22. Rxc6 Rxc6 23. Rc1 Rac8 24. Rxc6 Rxc6 25. Qb2 Ndc5 26. Qb5 Rc8 27. Be5 f6 28. Bf4 Bg6 29. Bh3 Bf7 30. d4 Nc7 31. Bxc7 Rxc7 32. dxc5 Rxc5 33. Qxa4 Rc1+ 34. Kg2 g5 35. Qa6 f5 36. g4 f4 37. Ne5 Ra1 38. Nxf7 Kxf7 39. a4 Be7 40. e3 e5 41. Qc6 e4 42. Qxd5+ 1-0

[Event "Singapore Olympic Esports Gp-B"]
[Site "Singapore"]
[Date "2023.06.23"]
[Round "4.2"]
[White "Sarana, Alexey"]
[Black "Sukandar, Irine Kharisma"]
[Result "1-0"]
[WhiteElo "2685"]
[BlackElo "2383"]
[PlyCount "89"]
[EventDate "2023.06.23"]
[EventType "tourn"]
[EventRounds "5"]
[EventCountry "SIN"]
[EventCategory "14"]
[SourceTitle "CBM 214 Extra"]
[Source "ChessBase"]
[SourceDate "2023.07.31"]
[SourceVersion "1"]
[SourceVersionDate "2023.07.31"]
[SourceQuality "1"]

1. c4 Nf6 2. Nc3 c5 3. Nf3 g6 4. d4 cxd4 5. Nxd4 Nc6 6. e4 d6 7. Be2 Nxd4 8. Qxd4 Bg7 9. Be3 0-0 10. Qd3 a5 11. 0-0 a4 12. f4 Qa5 13. Bd4 Nd7 14. Nd5 e6 15. Ne7+ Kh8 16. Bxg7+ Kxg7 17. Qxd6 Ra6 18. Qd4+ e5 19. fxe5 Qxe5 20. Qxe5+ Nxe5 21. Nd5 Rc6 22. b3 Be6 23. Rad1 Ra8 24. Rd2 axb3 25. axb3 Ra3 26. Rb1 f5 27. exf5 Bxf5 28. Rbb2 Ra1+ 29. Kf2 Be4 30. h3 Rc8 31. Kg3 Rf8 32. Nf4 Kh6 33. Rd6 Rc1 34. Nd5 Rg1 35. Ne3 Bc6 36. Re6 Nf3 37. Rxc6 bxc6 38. Bxf3 c5 39. b4 Re1 40. Ng4+ Kg7 41. bxc5 h5 42. Rb7+ Rf7 43. Rxf7+ Kxf7 44. Nf2 Ke7 45. Nd3 1-0

[Event "Singapore Olympic Esports Gp-B"]
[Site "Singapore"]
[Date "2023.06.23"]
[Round "4.1"]
[White "Sukandar, Irine Kharisma"]
[Black "Sarana, Alexey"]
[Result "0-1"]
[WhiteElo "2383"]
[BlackElo "2685"]
[PlyCount "164"]
[EventDate "2023.06.23"]
[EventType "tourn"]
[EventRounds "5"]
[EventCountry "SIN"]
[EventCategory "14"]
[SourceTitle "CBM 214 Extra"]
[Source "ChessBase"]
[SourceDate "2023.07.31"]
[SourceVersion "1"]
[SourceVersionDate "2023.07.31"]
[SourceQuality "1"]

1. e4 c5 2. Nf3 d6 3. d4 cxd4 4. Qxd4 Nf6 5. c4 Nc6 6. Qe3 g6 7. h3 Bg7 8. Be2 0-0 9. 0-0 Qb6 10. Nc3 Be6 11. Rb1 Nd7 12. Nd5 Qxe3 13. Bxe3 Rac8 14. b4 a6 15. Rfc1 Nde5 16. Nxe5 Bxe5 17. Bg4 Bxg4 18. hxg4 e6 19. Nb6 Rc7 20. Rd1 Rd8 21. a4 Bc3 22. b5 axb5 23. axb5 Ne7 24. c5 d5 25. exd5 exd5 26. Rbc1 Be5 27. Nc4 Bg7 28. Na5 Be5 29. c6 bxc6 30. Bb6 c5 31. Bxc7 Bxc7 32. Nb7 Rb8 33. Nxc5 Rxb5 34. Nd7 Bf4 35. Rb1 Ra5 36. Re1 Nc6 37. Rb6 Nd4 38. Rd1 Ne2+ 39. Kf1 Nc3 40. Re1 Kg7 41. g3 Bg5 42. f4 Bd8 43. Rc6 d4 44. Ne5 Bf6 45. Rd6 Bxe5 46. fxe5 Ra4 47. Rd7 d3 48. Rxd3 Ne4 49. Re2 Nc5 50. Rc3 Ne6 51. Rf3 Rxg4 52. Ref2 Ng5 53. Re3 Ra4 54. Kg2 h5 55. Rf4 Ra2+ 56. Rf2 Ra5 57. Rd2 Ra4 58. Rf2 Ne4 59. Rf4 Ra2+ 60. Kg1 Ng5 61. Rf1 Nh3+ 62. Kh1 Nf2+ 63. Kg1 Ng4 64. Re4 Ra3 65. Ref4 Rxg3+ 66. Kh1 Nxe5 67. Re4 Rg5 68. Rfe1 f6 69. Rb1 Rf5 70. Rb7+ Kh6 71. Rd4 g5 72. Rd8 g4 73. Kg2 Kg5 74. Rb4 Rf3 75. Rg8+ Kh4 76. Rf8 Rg3+ 77. Kf1 Rf3+ 78. Kg2 Nd3 79. Rb5 Nf4+ 80. Kg1 Kg3 81. Rc8 Ne2+ 82. Kh1 Rf1# 0-1

[Event "Singapore Olympic Esports Gp-B"]
[Site "Singapore"]
[Date "2023.06.23"]
[Round "1.1"]
[White "Sukandar, Irine Kharisma"]
[Black "Ter Sahakyan, Samvel"]
[Result "0-1"]
[WhiteElo "2383"]
[BlackElo "2598"]
[PlyCount "120"]
[EventDate "2023.06.23"]
[EventType "tourn"]
[EventRounds "5"]
[EventCountry "SIN"]
[EventCategory "14"]
[SourceTitle "CBM 214 Extra"]
[Source "ChessBase"]
[SourceDate "2023.07.31"]
[SourceVersion "1"]
[SourceVersionDate "2023.07.31"]
[SourceQuality "1"]

1. e4 c5 2. Nf3 d6 3. Bb5+ Nd7 4. a4 Ngf6 5. Nc3 g6 6. 0-0 a6 7. Be2 Bg7 8. d4 cxd4 9. Nxd4 Nc5 10. f3 0-0 11. a5 b5 12. axb6 Qxb6 13. Kh1 Bb7 14. Be3 Qc7 15. Qd2 Rfd8 16. b4 Ncd7 17. b5 axb5 18. Ncxb5 Qb8 19. Rab1 Nc5 20. Nc3 Qc7 21. Ndb5 Qc8 22. Nd5 Bxd5 23. exd5 Ra2 24. Bd4 Qf5 25. Nc3 Rxc2 26. Qe3 Nxd5 27. Nxd5 Qxd5 28. Bxg7 Kxg7 29. Qxe7 Rd7 30. Qe3 Qe5 31. Qxe5+ dxe5 32. Bb5 Rdd2 33. Rg1 Ne6 34. Ba4 Rc5 35. Bb3 Nd4 36. Ba4 Rc4 37. Bb5 Rcc2 38. Ba4 Ra2 39. Bb3 Rab2 40. Rxb2 Rxb2 41. Bd5 h5 42. Rd1 Nf5 43. Be4 Ne3 44. Rg1 f5 45. Bc6 h4 46. h3 Kf6 47. Ba8 Kg5 48. Bc6 Kf4 49. Be8 g5 50. Bc6 Kg3 51. Ba8 Rxg2 52. Re1 f4 53. Rc1 Rh2+ 54. Kg1 Rd2 55. Bb7 Rd1+ 56. Rxd1 Nxd1 57. Kf1 Nf2 58. Ke2 Nxh3 59. Kd3 Nf2+ 60. Ke2 h3 0-1

[Event "Singapore Olympic Esports Gp-B"]
[Site "Singapore"]
[Date "2023.06.23"]
[Round "1.3"]
[White "Sukandar, Irine Kharisma"]
[Black "Ter Sahakyan, Samvel"]
[Result "0-1"]
[WhiteElo "2383"]
[BlackElo "2598"]
[PlyCount "128"]
[EventDate "2023.06.23"]
[EventType "tourn"]
[EventRounds "5"]
[EventCountry "SIN"]
[EventCategory "14"]
[SourceTitle "CBM 214 Extra"]
[Source "ChessBase"]
[SourceDate "2023.07.31"]
[SourceVersion "1"]
[SourceVersionDate "2023.07.31"]
[SourceQuality "1"]

1. d4 Nf6 2. c4 e6 3. Nf3 d5 4. Nc3 Be7 5. Bf4 0-0 6. e3 c5 7. dxc5 Bxc5 8. a3 Nc6 9. cxd5 Nxd5 10. Nxd5 exd5 11. Bd3 Bb6 12. 0-0 h6 13. h3 Qf6 14. Qe2 Re8 15. Bg3 Bf5 16. Rfd1 Rad8 17. Rac1 Be4 18. Ne1 d4 19. Bxe4 Rxe4 20. Qf3 Qe7 21. Rc4 Re8 22. Nc2 dxe3 23. Rxe4 Qxe4 24. Qxe4 exf2+ 25. Bxf2 Bxf2+ 26. Kxf2 Rxe4 27. Rd7 Re7 28. Rd6 f6 29. Ne3 Re8 30. Rd7 Re7 31. Rd6 Re8 32. Nf5 Rd8 33. Re6 Kf7 34. Re2 Rd7 35. b4 Ne7 36. Ne3 h5 37. Rc2 g5 38. Nc4 Ng6 39. b5 h4 40. a4 Ne5 41. Ne3 Ke6 42. a5 f5 43. Re2 Rd4 44. Nc2 Rc4 45. Ne3 Rf4+ 46. Ke1 Re4 47. Kd2 f4 48. Nc2 Nc4+ 49. Ke1 Rxe2+ 50. Kxe2 Nxa5 51. Kf3 a6 52. bxa6 bxa6 53. Nb4 Nc4 54. Nxa6 Kf5 55. Nb4 Ne5+ 56. Kf2 Ke4 57. Nc2 Nc4 58. Nb4 Ne5 59. Nc2 g4 60. hxg4 Nxg4+ 61. Ke2 Ne3 62. Ne1 Nxg2 63. Nxg2 h3 64. Kf2 h2 0-1

[Event "Titled Tuesday intern op 30th May Early"]
[Site "Chess.com INT"]
[Date "2023.05.30"]
[Round "3"]
[White "Cupid, Kevin"]
[Black "Sukandar, Irine Kharisma"]
[Result "1-0"]
[WhiteElo "2150"]
[BlackElo "2390"]
[PlyCount "67"]
[EventDate "2023.05.30"]
[EventType "swiss (blitz)"]
[EventRounds "11"]
[EventCountry "USA"]
[SourceTitle "CBM 214 Extra"]
[Source "ChessBase"]
[SourceDate "2023.07.31"]
[SourceVersion "1"]
[SourceVersionDate "2023.07.31"]
[SourceQuality "1"]

1. d4 Nf6 2. Nf3 d5 3. c4 c6 4. Nc3 e6 5. cxd5 exd5 6. Bg5 h6 7. Bh4 Be6 8. e3 Nbd7 9. Bd3 g5 10. Bg3 Bg7 11. Ne5 Qe7 12. h4 g4 13. h5 Qb4 14. Qc2 c5 15. dxc5 Nxc5 16. Bb5+ Ncd7 17. a3 Qc5 18. Qa4 Rd8 19. Rc1 0-0 20. b4 Qb6 21. Nxd7 Nxd7 22. 0-0 a6 23. Bxd7 Rxd7 24. Ne2 d4 25. Nxd4 Bxd4 26. exd4 Qxd4 27. Rc5 Rfd8 28. Bc7 Rc8 29. Be5 Rxc5 30. Bxd4 Rxd4 31. Qe8+ Kg7 32. bxc5 Rc4 33. Qe7 Rc3 34. Re1 1-0